[Event "Guadalajara Peoneros op 1st"]
[Site "Guadalajara"]
[Date "2020.01.25"]
[Round "3"]
[White "Vasquez Martinez, Raul"]
[Black "Laurrabaquio Gonzalez, Enrique Alonso"]
[Result "0-1"]
[WhiteElo "1891"]
[BlackElo "1668"]
[PlyCount "52"]
[EventDate "2020.01.11"]
[EventType "swiss"]
[EventRounds "5"]
[EventCountry "MEX"]
[SourceTitle "CBM 195 Extra"]
[Source "ChessBase"]
[SourceDate "2020.05.31"]
[SourceVersion "1"]
[SourceVersionDate "2020.05.31"]
[SourceQuality "1"]

1. e4 c5 2. Nf3 Nc6 3. Bb5 a6 4. Bxc6 dxc6 5. h3 Nf6 6. d3 h6 7. c4 g6 8. Be3 Bg7 9. Nc3 b6 10. 0-0 Qc7 11. Qd2 Be6 12. b3 0-0-0 13. Rab1 g5 14. Qc2 g4 15. Nh2 gxh3 16. g3 Rhg8 17. Bf4 Qd7 18. Rfd1 Nh5 19. Be3 Bd4 20. Na4 Kb7 21. Nf1 Bg4 22. Re1 Bf3 23. b4 h2+ 24. Nxh2 Nxg3 25. Nxf3 Qh3 26. Nh2 Ne2+ 0-1

[Event "Guadalajara Peoneros op 1st"]
[Site "Guadalajara"]
[Date "2020.01.18"]
[Round "2"]
[White "Castaneda, Padilla Ramon"]
[Black "Vasquez Martinez, Raul"]
[Result "0-1"]
[WhiteElo "1632"]
[BlackElo "1891"]
[PlyCount "88"]
[EventDate "2020.01.11"]
[EventType "swiss"]
[EventRounds "5"]
[EventCountry "MEX"]
[SourceTitle "CBM 195 Extra"]
[Source "ChessBase"]
[SourceDate "2020.05.31"]
[SourceVersion "1"]
[SourceVersionDate "2020.05.31"]
[SourceQuality "1"]

1. e4 e6 2. d4 d5 3. Nd2 Nf6 4. e5 Nfd7 5. Ngf3 c5 6. c3 Qb6 7. Qb3 Nc6 8. Qxb6 axb6 9. Be2 c4 10. 0-0 b5 11. b3 f6 12. bxc4 bxc4 13. exf6 gxf6 14. Nh4 Bd6 15. Re1 Kd8 16. Bg4 Nf8 17. Nf1 Ne7 18. Bh6 f5 19. Bd1 Nfg6 20. Nf3 Ra3 21. Ng5 Kc7 22. Nf7 Rg8 23. Nxd6 Kxd6 24. Bd2 f4 25. f3 Bd7 26. Re2 Nc6 27. Be1 e5 28. Rb1 exd4 29. cxd4 Kc7 30. Reb2 Bc8 31. Bf2 Nge7 32. Kh1 Nf5 33. Bc2 Nfxd4 34. Bxd4 Nxd4 35. Re1 Nxc2 36. Rxc2 Bf5 37. Rd2 Kd6 38. Red1 Rd3 39. Rxd3 Bxd3 40. Nd2 Ra8 41. Ra1 Ra3 42. Kg1 b5 43. Nb1 Bxb1 44. Rxb1 Rxa2 0-1